| 000 | 01528nam a2200229Ia 4500 | ||
|---|---|---|---|
| 003 | Ost | ||
| 005 | 20260507075645.0 | ||
| 008 | 260507s9999||||xx |||||||||||||| ||und|| | ||
| 020 | _a516249960 | ||
| 040 | _cfsecg | ||
| 041 | _aara | ||
| 082 | _a310 | ||
| 100 |
_aكانافوس، جورج _eمؤلف |
||
| 245 | 0 |
_aالإحصاء للتجاريين : _bمدخل حديث / _c جورج كانافوس |
|
| 260 |
_aالرياض: _bدار المريخ للنشر, _c2004 |
||
| 300 |
_a787 صفحة؛ _bإيضاحات ؛ _c27 سم |
||
| 520 | _aمقدمة للإحصاء والتفكير الإحصائي- فحص وتلخيص البيانات- المتغيرات العشوائية والتوزيعات الإحتمالية- بعض التوزيعات الإحصائية المالية- الإحصاءات وتوزيعات المعاينة- الإستنتاجات الإحصائية المتعلقة بمجتمع واحد- الإستنتاج الإحصائي المتعلق بمجتمعين- تحليل التباين- تحليل الإنحدار الخطي البسيط- الإنحدار الخطي المتعدد- تحليل السلاسل الزمنية وعمليات التنبؤ- طرق الرقابة للعملية الإحصائية- تصميم وتحليل التجارب- اختبارات جودة المطابقة وجداول الإقتران- الطرق اللامعيارية | ||
| 653 | _aالإحصاء | ||
| 653 | _aالتجارة | ||
| 700 |
_aميلر، دون _eمؤلف ثانوي |
||
| 942 | _cكتاب | ||
| 999 |
_c45467 _d45467 |
||